Reinforcement of BIIR with silica (Record no. 66637)

MARC details
000 -LEADER
fixed length control field 00450nam a2200193Ia 4500
100 ## - MAIN ENTRY--AUTHOR NAME
Personal name Hopkins W
245 #0 - TITLE STATEMENT
Title Reinforcement of BIIR with silica
260 ## - PUBLICATION, DISTRIBUTION, ETC. (IMPRINT)
Name of publisher Rubber World
Year of publication 2002
300 ## - PHYSICAL DESCRIPTION
Number of Pages 37-41
650 ## - SUBJECT ADDED ENTRY--TOPICAL TERM
Topical Term BIIR
650 ## - SUBJECT ADDED ENTRY--TOPICAL TERM
Topical Term Crosslink density
650 ## - SUBJECT ADDED ENTRY--TOPICAL TERM
Topical Term Reinforcement
650 ## - SUBJECT ADDED ENTRY--TOPICAL TERM
Topical Term Silica
700 ## - ADDED ENTRY--PERSONAL NAME
Personal name Bayer Rausa
700 ## - ADDED ENTRY--PERSONAL NAME
Personal name Koski A
700 ## - ADDED ENTRY--PERSONAL NAME
Personal name von Hellens W
942 ## - ADDED ENTRY ELEMENTS (KOHA)
Koha item type Journals
Holdings
Withdrawn status Lost status Damaged status Not for loan Home library Current library Shelving location Date acquired Serial Enumeration / chronology Koha item type
      Journals RRII Library RRII Library Rubber chemistry 25/06/2002 Volume 226, Issue 1 Journals